000 00813nam a2200241 a 4500
001 79722
003 BD-RjUL
005 20220419103945.0
008 220419s1900 enk 000 0 eng u
035 _a(BD-RjUL)79722
040 _aNNL
_dUPRA
_beng
_cBD-RjUL
041 _aeng
082 _223
_a843.6
_bSAP 1900
100 1 _aSaint-Pierre, Bernardin de,
_d1737-1814
_92546
245 1 0 _aPaul and Virginia /
_cby Bernadin de St. Pierre ; with an original memoir of the author.
260 _aLondon :
_bStanley Paul ;
_aPhiladelphia :
_bDavid McKay,
_c[ca. 1900].
300 _a182 pages :
_bport ;
_c18 cm.
490 0 _aThe international library: a new series of translations
500 _aMemoir signed: Sarah Jones.
650 _aFrench fiction
_92547
651 4 _aMauritius
_vFiction
_92548
942 _2ddc
_cBK
999 _c79722
_d79722